MDQL
is popping MORE tags! Check the
thread
!
Quizzes
Events
Quiz Creation
Community
Videos
Private Events
Remove Ads
Sign In
Join for FREE
Feedback
Dark Mode
Quiz Categories
Sports
Geography
Music
Movies
Television
Just For Fun
Miscellaneous
History
Literature
Language
Science
Gaming
Entertainment
Religion
Holiday
For Kids
Quiz Lab
Recent
Popular Today
Quiz Kudos Today
Editor Picks
Curator Picks
Quizzes by...
Day
Popularity
Type
Ratings
Length
Year
Community
Subscriptions
Recent Discussions
Orange Saloon
Badges
Playlists
Quests
Create
Leaderboards
Showdown
Live 5
Trivia Bingo
Activity
Puzzle Library
Sporcle Events
Private Events
Virtual Trivia
Globe League
Become a Host
Pub Owners
SporcleCon
Opinionation
Our Games
Videos
Blog
Mobile Apps
Partnerships
Remove Ads and Go Orange
Feedback
Sports
Athletes
MLB
NBA
NHL
NFL
Soccer
Sports Teams
WWE
NCAA
Football
Premier League
Basketball
Baseball
Hockey
Golf
Tennis
Cricket
Rugby
Auto Racing
Olympics
World Cup
Sports
Athletes
MLB
NBA
NHL
NFL
Soccer
Sports Teams
WWE
NCAA
Football
Premier League
Basketball
Baseball
Hockey
Golf
Tennis
Cricket
Rugby
Auto Racing
Olympics
World Cup
Random Quiz
Search Sporcle
×
Quiz Lab
Quiz Lab
Sports
NBA
Type in answers that appear in a list
Type in answers that appear in a list
Classic
Best Score? Go Orange.
ALL NBA Daily Leaders for April 2012 Stats
Can you name the ALL NBA Daily Leaders for April 2012?
By
alidarjarok
15m
153 Questions
695 Plays
695 Plays
695 Plays
Comments
Comments
Give Quiz Kudos
Give Quiz Kudos
-
- Ratings
hide this ad
More Info
Replay
Link that replays current quiz
Next Quiz
Link to next quiz in quiz playlist
You Got
0%
They Got
Avg Score
67%
Avg Friend Score
Upgrade to see
Score Distribution
Jump to the score distribution portion of the page
Score
0/153
Timer
15:00
0
Plays Today
Category
Player
% Correct
Points
LeBron James
96.8%
Steals
LeBron James
96.8%
Points
Carmelo Anthony
96.5%
Points
Kevin Durant
96.5%
Rebounds
Kevin Durant
96.5%
3 Pointers Made
Kevin Durant
96.5%
Points
Kobe Bryant
96%
Points
Pau Gasol
93.8%
Points
Andrew Bynum
93.4%
Rebounds
Andrew Bynum
93.4%
Steals
Marc Gasol
93.2%
Blocks
Marc Gasol
93.2%
Assists
Chris Paul
92.2%
Steals
Chris Paul
92.2%
Points
Danny Granger
91.8%
Points
Blake Griffin
91.8%
Rebounds
Blake Griffin
91.8%
3 Pointers Made
Danny Granger
91.8%
Assists
Rajon Rondo
91.7%
Steals
Rajon Rondo
91.7%
Points
John Wall
91.5%
Assists
John Wall
91.5%
Steals
John Wall
91.5%
Blocks
Serge Ibaka
91.5%
Rebounds
Tim Duncan
91.4%
Blocks
Tim Duncan
91.4%
Points
David West
91.2%
Rebounds
David West
91.2%
Points
Paul Pierce
90.9%
Assists
Paul Pierce
90.9%
3 Pointers Made
Paul Pierce
90.9%
Assists
Tony Parker
90.8%
Points
Monta Ellis
90.5%
Steals
Monta Ellis
90.5%
Points
DeMarcus Cousins
90.4%
Rebounds
DeMarcus Cousins
90.4%
Steals
DeMarcus Cousins
90.4%
3 Pointers Made
Anthony Parker
90.2%
Assists
Steve Nash
89.6%
Steals
Russell Westbrook
88.1%
Points
Dirk Nowitzki
87.6%
Steals
Brandon Jennings
87.3%
Rebounds
Roy Hibbert
86%
Rebounds
Dwight Howard
86%
Assists
Deron Williams
86%
Steals
Deron Williams
86%
Blocks
Dwight Howard
86%
Blocks
Roy Hibbert
86%
Steals
Tony Allen
85.8%
Rebounds
Jordan Williams
85.5%
Blocks
Louis Williams
85.5%
Category
Player
% Correct
Points
James Harden
85.3%
Steals
James Harden
85.3%
Rebounds
Joakim Noah
84.7%
Blocks
Joakim Noah
84.7%
Rebounds
Al Jefferson
83.6%
Blocks
Al Jefferson
83.6%
Assists
Jason Kidd
80.9%
Rebounds
Glen Davis
80.3%
Steals
Glen Davis
80.3%
Rebounds
Carlos Boozer
79.4%
Rebounds
Tyson Chandler
79.4%
Steals
Tyreke Evans
79.3%
Assists
Jose Calderon
78.8%
Steals
Maurice Evans
78.7%
Assists
Jameer Nelson
78.4%
3 Pointers Made
Jameer Nelson
78.4%
Points
Paul George
77.6%
Rebounds
Paul George
77.6%
Steals
Paul George
77.6%
Points
David Lee
77.1%
Steals
Courtney Lee
76.8%
Steals
Paul Millsap
74.4%
Assists
Andre Miller
74%
Blocks
Chris Bosh
73.1%
3 Pointers Made
Joe Johnson
72.2%
Rebounds
Greg Monroe
71.9%
Steals
Greg Monroe
71.9%
Rebounds
Marcin Gortat
71.5%
Blocks
Marcin Gortat
71.5%
Steals
Elton Brand
71.2%
Blocks
Elton Brand
71.2%
3 Pointers Made
JR Smith
70.8%
Assists
Ramon Sessions
70.1%
Blocks
Anthony Randolph
67.2%
Blocks
Ben Wallace
67.1%
Points
Patty Mills
65.5%
Rebounds
Jason Thompson
64.3%
Rebounds
Tristan Thompson
64.2%
Steals
Klay Thompson
64.2%
Blocks
Tristan Thompson
64.2%
3 Pointers Made
Klay Thompson
64.2%
Rebounds
Kris Humphries
64%
Blocks
Samuel Dalembert
63.3%
Points
Gerald Henderson
62.7%
Steals
Stephen Jackson
60.1%
3 Pointers Made
Devin Harris
60%
Rebounds
Marcus Camby
59.4%
Steals
Marcus Camby
59.4%
3 Pointers Made
OJ Mayo
57.8%
3 Pointers Made
Daniel Green
57.3%
3 Pointers Made
Raymond Felton
57.3%
Category
Player
% Correct
3 Pointers Made
Steve Novak
56.7%
Rebounds
Ersan Ilyasova
55.1%
Points
Wesley Matthews
54.7%
Steals
Iman Shumpert
54.7%
3 Pointers Made
Wesley Matthews
54.7%
Points
Kenneth Faried
52.9%
Rebounds
Kenneth Faried
52.9%
Blocks
Kenneth Faried
52.9%
3 Pointers Made
Jordan Crawford
52.7%
3 Pointers Made
Randy Foye
51.4%
3 Pointers Made
Ben Gordon
51.2%
Blocks
Chris Kaman
51.1%
3 Pointers Made
Aaron Afflalo
50.6%
Steals
James Jones
50.4%
3 Pointers Made
James Jones
50.4%
3 Pointers Made
Jason Richardson
50.4%
3 Pointers Made
Kyle Korver
50.2%
Rebounds
Derrick Favors
49.9%
Blocks
Derrick Favors
49.9%
3 Pointers Made
Jrue Holiday
49.9%
Assists
Jose Juan Barea
49.8%
Steals
Metta World Peace
49.6%
3 Pointers Made
Metta World Peace
49.6%
3 Pointers Made
Isaiah Thomas
48.1%
Blocks
Channing Frye
47.9%
Steals
Avery Bradley
46.9%
Steals
Shannon Brown
42%
Blocks
Greg Stiemsma
42%
3 Pointers Made
Shannon Brown
42%
3 Pointers Made
Rasual Butler
41.9%
3 Pointers Made
Jared Dudley
41.4%
Steals
Goran Dragic
41.3%
Steals
Ronnie Brewer
39.4%
Blocks
Bismack Biyombo
39.4%
3 Pointers Made
Nate Robinson
38%
3 Pointers Made
JJ Redick
37.8%
3 Pointers Made
Dorrell Wright
36.3%
3 Pointers Made
Chase Budinger
32.4%
Steals
Thabo Sefolosha
26.8%
Assists
Charles Jenkins
25.8%
Blocks
Kevin Seraphin
24.6%
Blocks
Larry Sanders
23.6%
Steals
Marquis Daniels
15%
Blocks
Hamed Haddadi
11.9%
Rebounds
Solomon Alabi
8.9%
3 Pointers Made
Roger Mason
7.9%
3 Pointers Made
Jannero Pargo
7.3%
Steals
Travis Outlaw
6.9%
Steals
Daniel Orton
4.7%
3 Pointers Made
Lester Hudson
3%
Steals
Morris Almond
2.4%
Quiz Playlist
Details
Report
Send in Message
Add To Playlist
More Info:
Name all of the NBA daily leaders in PTS, REB, AST, STL, BLK and 3PT (total made). Includes ties and sorted by number of times mentioned.
Classic:
Type in answers that appear in a list
Quiz Source
Last Updated: Feb 16, 2017
Quiz Scoreboard
CHALLENGE
Sign Up to Join the Scoreboard
Show All
Scores
Hide
Comments
May contain spoilers
Recently Published
Image Sorting: Flags VI
by Barbecue
Geography
2m
Find the 'City' Movie
by crazypaving
Movies
60s
Colored Red Africa Blitz
by spor1
Geography
45s
More to Explore
Quiz From the Vault
Featured Blog Post
14 Easter Pick-up Lines to Find Eggs With
hide this ad
You Might Also Like...
Tags
Basketball Quiz
NBA Quiz
3 Point
Assist Leaders
Points Leaders
Rebounding Leaders
rebounds
steal
Steals Leaders
Today's Top Quizzes in Sports
Browse Sports
hide this ad
Today's Top Quizzes in NBA
Browse NBA
Top Contributed Quizzes in Sports
1
Les meilleurs buteurs des matchs entre le PSG et l’OM
2
Les entraîneurs de l'OM et du PSG au 21e siècle
3
2022 World Cup Stars
4
Les joueurs passés par le PSG et l'OM
5
Players with Multiple 50 Home Run Seasons
6
Criteria MLB: Left Handed Sluggers
7
FIFA Club World Cup Champions
8
Les joueurs passés par le LOSC et le RC Lens
9
NBA Logic Puzzle 2.0
10
Top 10 NHL Goal Scorers of All Time
Explore More
Trending Topics
Disney
Marvel
Harry Potter
NBA
Kpop
Crossword
Anime
NFL
WWE
Song
The Office
Puzzle
Pokémon
Soccer
Country
hide this ad
More By:
alidarjarok
Quiz
Plays
Rating
Category
Featured
Created
Top 100 NBA Players (2015-16)
169,355
4.41
Sports
Oct 27, 2015
NBA 30+ Point Season Openers, '00s-'10s
36,317
4.78
Sports
Aug 31, 2015
ESPN NBA Rank Top 20 Players Per Position 2014-2015
29,941
4.54
Sports
Oct 27, 2014
Top 100 NBA Players For 2015-2016 (SI.com)
28,372
3.95
Sports
Sep 2, 2015
2016-17 NBA Statistical Leaders Per Team
21,921
4.67
Sports
May 5, 2017
Go to Creator's Profile
Score Distribution
Quiz Creator Spotlight
alidarjarok
Follow
Send a Message
Quizzes Created
-
Created Quiz Play Count
-
More By This Creator
Popular Quizzes Today
1
Colored Red Africa Blitz
2
Find the US States - No Outlines Minefield
3
Find the 'City' Movie
4
5x2 Blitz: Bands
5
The Countries of the World
6
Find the Countries of Europe - No Outlines Minefield
7
Find the US States
8
US States
More Sports Quizzes
Big 4 Letter Logo Match-Up
Curator's Pick
Trending Quizzes
Colored Red Europe Blitz I
Colored Red Europe Blitz II
Colored Red Africa Blitz II
Colored Red Europe Blitz III
Colored Red Africa Blitz III
Recently Updated
How Do You Spell That?
pecheneg
Godzilla Movies
pecheneg
Grab Bag: 4-10 Letters
pecheneg
2024 March Madness Bracket
pecheneg
Famous TV Couples
Peacemaker
Champions League XIs: Real Madrid
pecheneg
Largest US Cities 1790-2010
pecheneg
Rides in Walt Disney World
pecheneg
Most Oscar Losses (Acting)
pecheneg
Beyoncé Albums
pecheneg
Trending Topics
Marvel
Anime
Crossword
Harry Potter
NBA
Kpop
Disney
Country
Pokémon
The Office
NFL
Puzzle
Soccer
Song
WWE
Your Account Isn't Verified!
In order to create a playlist on Sporcle, you need to verify the email address you used during registration. Go to your
Sporcle Settings
to finish the process.
Report this User
Report this user for behavior that violates our
Community Guidelines
.
Details:
Send Report
Go to the Sporcle.com Mobile Site →
Comments